| 000 | 00736nam a22002057a 4500 | ||
|---|---|---|---|
| 005 | 20251108171250.0 | ||
| 008 | 250721s1986 xx 000 0 ara d | ||
| 082 | 1 | 4 | _aم/615.89/سين |
| 100 | 1 | _aإبن سينا، شرف الملك أبو علي الحسين | |
| 245 | 1 | 0 | _aالأدوية المفردة في كتاب القانون في الطب / |
| 250 | _aط2 | ||
| 264 | 1 |
_aبغداد : _bوزارة الثقافة و الإعلام - دار الشؤون الثقافية العامة، _c1986. |
|
| 300 | _a214ص | ||
| 650 | 1 | 7 | _aالطب الشعبي |
| 650 | 1 | 7 | _aالمعاجم |
| 650 | 1 | 7 | _aالأدوية |
| 700 | 1 |
_aالأعم، مهند عبد الأمير _eتحقيق |
|
| 942 |
_2ddc _cREF |
||
| 999 |
_c60839 _d60839 |
||